Logo CIB grande

Ciencia e ingeniería de materiales (Registro nro. 236776)

Detalles MARC
000 -LEADER
campo de control de longitud fija 00626nam a2200205Ia 4500
005 - FECHA Y HORA DE LA ÚLTIMA TRANSACCIÓN
campo de control 20250425162814.0
008 - DATOS DE LONGITUD FIJA--INFORMACIÓN GENERAL
campo de control de longitud fija 250425s9999 xx 000 0 und d
020 ## - NÚMERO INTERNACIONAL ESTÁNDAR DEL LIBRO
Número Internacional Estándar del Libro 9786075260624
041 ## - CÓDIGO DE IDIOMA
Código de lengua del texto/banda sonora o título independiente spa
082 ## - NÚMERO DE LA CLASIFICACIÓN DECIMAL DEWEY
Número de clasificación 620.112
Iniciales del Autor ASK
010 ## - NÚMERO DE CONTROL DE LA BIBLIOTECA DEL CONGRESO
Número de control de LC 109330
100 ## - ENTRADA PRINCIPAL--NOMBRE DE PERSONA
Nombre de persona Askeland, Donald
245 #0 - MENCIÓN DEL TÍTULO
Título Ciencia e ingeniería de materiales
Mención de responsabilidad, etc. Donald R. Askeland; Wendelin J. Wright
260 ## - PUBLICACIÓN, DISTRIBUCIÓN, ETC.
Lugar de publicación, distribución, etc. México
Nombre del editor, distribuidor, etc. Cengage Learning
Fecha de publicación, distribución, etc. 2017
300 ## - DESCRIPCIÓN FÍSICA
Extensión 856 páginas
Otras características físicas ilustraciones
Dimensiones 27 cm.
500 ## - NOTA GENERAL
Nota general Contiene respuestas de problemas seleccionados
650 ## - PUNTO DE ACCESO ADICIONAL DE MATERIA--TÉRMINO DE MATERIA
Término de materia o nombre geográfico como elemento de entrada Ingeniería de Materiales
700 ## - ENTRADA AGREGADA--NOMBRE PERSONAL
Nombre de persona Wright, Wendelin J.
942 ## - ELEMENTOS DE ENTRADA SECUNDARIOS (KOHA)
Tipo de ítem Koha Libros
Existencias
Estatus retirado Estado de pérdida Estado de daño No para préstamo Biblioteca de origen Biblioteca actual Fecha de adquisición Coste, precio normal de compra Etiqueta RFID Total de préstamos Código de barras Visto por última vez Fecha del último préstamo Copia número Tipo de ítem Koha Nota pública
        CENTRO DE INFORMACIÓN BIBLIOTECARIA CENTRO DE INFORMACIÓN BIBLIOTECARIA 01/09/2020 154.00 0000000000000000035096 1 80291 11/06/2025 04/06/2025 1 Libros  
        CENTRO DE INFORMACIÓN BIBLIOTECARIA CENTRO DE INFORMACIÓN BIBLIOTECARIA 01/09/2020 154.00 0000000000000000035097 2 80292 07/07/2025 30/06/2025 2 Libros  
        CENTRO DE INFORMACIÓN BIBLIOTECARIA CENTRO DE INFORMACIÓN BIBLIOTECARIA 01/09/2020 154.00 0000000000000000035098 1 80293 07/10/2025 02/10/2025 3 Libros  
        CENTRO DE INFORMACIÓN BIBLIOTECARIA CENTRO DE INFORMACIÓN BIBLIOTECARIA 01/09/2020 154.00 0000000000000000035652 1 80662 15/10/2025 08/10/2025 4 Libros compra
        CENTRO DE INFORMACIÓN BIBLIOTECARIA CENTRO DE INFORMACIÓN BIBLIOTECARIA 09/01/2023 154.00 0000000000000000035953 1 80835 13/06/2025 06/06/2025 5 Libros  
        CENTRO DE INFORMACIÓN BIBLIOTECARIA CENTRO DE INFORMACIÓN BIBLIOTECARIA 09/01/2023 154.00 0000000000000000035954   80836     6 Libros  

Copyright 2025 ESPOL. Todos los derechos reservados.